| 000 | 01398nam a22002417a 4500 | ||
|---|---|---|---|
| 999 |
_c62515 _d62515 |
||
| 003 | Ge_BSU | ||
| 005 | 20241125112221.0 | ||
| 008 | 241125s2009 ge ||||| |||| 00| 0 geo d | ||
| 020 | _a9789941014918 | ||
| 041 | _ageo | ||
| 080 | _a005.92 ჯ-27 | ||
| 100 |
_aჯაყელი, თამარ. _92711 |
||
| 245 |
_aსაქმიანი ქაღალდების წაკითხვა და შექმნა : _b[დამხმ. სახელმძღვ. სკოლის არაქართულენოვანი თანამშრომლებისათვის / _cავტ.: თამარ ჯაყელი, მაია მელიქიძე ; რედ. ქეთევან დათუკიშვილი] ; |
||
| 264 |
_aთბილისი, _c2009. |
||
| 300 |
_a158გვ. ; _b29 სმ. |
||
| 500 | _aავტ. მითით. თავფურც. მე-2 გვ. | ||
| 653 | _aსაქმიანი ქაღალდების შედგენა. | ||
| 653 | _aმენეჯმენტი | ||
| 700 |
_aმელიქიძე, მაია _92712 |
||
| 700 |
_aდათუკიშვილი, ქეთევან _eრედაქტორი _92712 |
||
| 710 |
_aეროვნ. სასწ. გეგმებისა და შეფასების ცენტრი. _923777 |
||
| 942 |
_2udc _cBK |
||